| 000 | 006320000a22002170004500 | ||
|---|---|---|---|
| 090 |
_aMM _b00071 |
||
| 700 | 1 |
_aVaugham, Michael _rEd. _9101055 |
|
| 245 | 1 | 0 | _aU.S. global change data information system: www.gcdis.usgcrp.gov |
| 300 |
_a11 min. _bVHS |
||
| 650 | 1 | 4 |
_aSistemas de información _992288 |
| 650 | 1 | 4 |
_aCambio climático _998479 |
| 650 | 1 | 4 |
_aOrganizaciones ambientales _97172 |
| 650 | 1 | 4 |
_aClimatología _9288 |
| 650 | 1 | 4 |
_aSatélites _917058 |
| 650 | 1 | 4 |
_aSatélite NOAA _9101056 |
| 651 | 4 |
_pEstados Unidos _992749 |
|
| 041 | 0 | _aInglés | |
| 044 | _aEstados Unidos | ||
| 260 |
_as.l. _bs.n. _c1997 |
||
| 942 | _cCD-ROM | ||
| 999 |
_c16593 _d16593 |
||